Statistiques concernant Les Héros Coupe du Monde de FIFA 23 (équipe 2)

Cliquez ici pour prendre le quiz!

Statistiques générales

  • Ce quiz a été pris 93 fois
  • Le résultat moyen est 11 sur 14

Statistiques - réponses

Nationalité + ChampionnatPosteRéponseNote% Correct
Nigérian - Ligue 1Milieu Offensif CentralJay-Jay Okocha89
91%
Japonais - Série AMilieu Offensif CentralHidetoshi Nakata88
83%
Mexicain - LaLiga SantanderMilieu Défensif CentralRafael Márquez89
83%
Américain - MLSMilieu DroitLandon Donovan88
82%
Espagnol - LaLiga SantanderDéfenseur GaucheJoan Capdevila88
80%
Italien - Série AMilieu CentralClaudio Marchisio88
78%
Francais - Ligue 1Milieu Offensif CentralSidney Govou87
78%
Suèdois - Série AButeurTomas Brolin89
78%
Polonais - Polski EkstraklasaButeurWłodzimierz Smolarek88
78%
Saoudien - MBS Pro LeagueButeurSami Al-Jaber87
76%
Allemand - BundesligaDéfenseur CentralJürgen Kohler90
74%
Anglais - Premier LeagueMilieu GaucheJoe Cole88
72%
Australien - MLSButeurTim Cahill88
65%
Américain - MLSButeurPeter Dempsey86
59%

Distribution des résultats

Percentile par nombre de réponses

% des personnes avec chaque résultat

Votre développement - résultats

Vous n’avez pas pris ce quiz